[Event "DRUZYNOWE MISTRZOSTWA POLSKI - II LIGA 2018"]
[Site "Jastrzebia Gora"]
[Date "1899-12-30"]
[Round "1.27"]
[White "Bartkowiak, Damian"]
[Black "Kowalak, Piotr"]
[Result "1/2-1/2"]
[WhiteTitle "k"]
[BlackTitle "k"]
[WhiteElo "2148"]
[BlackElo "2110"]

1. d4 Nf6 2. c4 e6 3. Nf3 Bb4+ 4. Bd2 a5 5. Qc2 d6 6. Nc3 Nc6 7. O-O-O Qe7 8. d5
Nb8 9. Nd4 Na6 10. g3 Bxc3 11. Bxc3 exd5 12. Bg2 dxc4 13. Qa4+ Bd7 14. Qxc4 Nc5
15. Nb3 Be6 16. Qb5+ Bd7 17. Qc4 Be6 18. Qb5+ Bd7 19. Qc4 Be6 20. Qb5+ 1/2-1/2

[Event "DRUZYNOWE MISTRZOSTWA POLSKI - II LIGA 2018"]
[Site "Jastrzebia Gora"]
[Date "1899-12-30"]
[Round "1.28"]
[White "Madera, Mateusz"]
[Black "Paszek, Krzysztof"]
[Result "0-1"]
[WhiteTitle "I+"]
[BlackTitle "k"]
[WhiteElo "1937"]
[BlackElo "2128"]

1. e4 c5 2. Nf3 d6 3. d4 cxd4 4. Nxd4 Nf6 5. Nc3 a6 6. Bc4 e6 7. Bb3 Be7 8. g4
h6 9. Be3 b5 10. f3 Bd7 11. Qd2 Nc6 12. O-O-O Nxd4 13. Bxd4 e5 14. Be3 Be6 15.
h4 b4 16. Nd5 Bxd5 17. Bxd5 Nxd5 18. Qxd5 Rc8 19. g5 hxg5 20. hxg5 Rf8 21. Qd2
Rc4 22. Rh7 g6 23. Kb1 Qc7 24. Qd3 Qc6 25. Rd2 Kd7 26. Re2 a5 27. Rd2 a4 28. Qd5
Qxd5 29. Rxd5 Rfc8 30. Rh2 a3 31. Rd3 axb2 32. Kxb2 Ke6 33. Rdd2 Ra8 34. Rd3 Rc6
35. c3 bxc3+ 36. Rxc3 Rxc3 37. Kxc3 Ra3+ 38. Kb4 Rxe3 0-1

[Event "DRUZYNOWE MISTRZOSTWA POLSKI - II LIGA 2018"]
[Site "Jastrzebia Gora"]
[Date "1899-12-30"]
[Round "1.29"]
[White "Niemier, Hubert"]
[Black "Krawiec, Grzegorz"]
[Result "1-0"]
[WhiteTitle "I"]
[BlackTitle "I"]
[WhiteElo "1838"]
[BlackElo "1779"]

1. d4 Nf6 2. c4 e6 3. Nc3 Bb4 4. f3 c5 5. d5 d6 6. e4 e5 7. Qc2 O-O 8. Bd3 Ne8
9. Nge2 g6 10. Bd2 f5 11. a3 Ba5 12. O-O-O fxe4 13. Bxe4 Bf5 14. g4 Bxe4 15. Qxe4
a6 16. h4 b5 17. Bg5 Qd7 18. h5 Qg7 19. Qe3 b4 20. Bh6 Rxf3 21. Qxf3 Qxh6+ 22.
Kb1 bxc3 23. Nxc3 Bxc3 24. Qxc3 g5 25. Qb3 Nd7 26. Qb7 Rd8 27. Rdf1 Ndf6 28. Qe7
Rd7 29. Qe6+ Rf7 30. Rf3 Nc7 31. Qxd6 Nxg4 32. Qd8+ Qf8 33. Qxg5+ Qg7 34. Qd8+
Qf8 35. Qg5+ Qg7 36. Qxg7+ Rxg7 37. Rhf1 h6 38. Rf8+ Kh7 39. Rc8 Ne3 40. Rff8
Rd7 41. Rcd8 Rxd8 42. Rxd8 Nxc4 43. Rd7+ 1-0

[Event "DRUZYNOWE MISTRZOSTWA POLSKI - II LIGA 2018"]
[Site "Jastrzebia Gora"]
[Date "1899-12-30"]
[Round "1.30"]
[White "Karykowska, Anna"]
[Black "Huchwajda, Katarzyna"]
[Result "1/2-1/2"]
[WhiteTitle "k"]
[BlackTitle "I++"]
[WhiteElo "1836"]
[BlackElo "1766"]

1. e4 c5 2. Nf3 e6 3. d4 cxd4 4. Nxd4 Nc6 5. Nc3 Nf6 6. Ndb5 d6 7. Bf4 e5 8. Bg5
a6 9. Na3 b5 10. Nd5 Be7 11. Bxf6 Bxf6 12. c4 b4 13. Nc2 a5 14. Qf3 Bg5 15. h4
Bh6 16. g4 f6 17. Rd1 O-O 18. Be2 Be6 19. O-O Ra7 20. Qg3 Rd7 21. Rd3 Kh8 22.
Rfd1 g6 23. a3 f5 24. axb4 fxe4 25. Rb3 Nxb4 26. Ncxb4 axb4 27. g5 Bg7 28. Bg4
Bf5 29. Rxb4 Qa5 30. Rb5 Qa7 31. Ne3 Qa4 32. Rd2 Qa7 33. Qh3 Bxg4 34. Qxg4 Rdf7
35. Qg2 Rf4 36. Qh2 Qa1+ 37. Rd1 Qa4 38. Rf1 1/2-1/2

[Event "DRUZYNOWE MISTRZOSTWA POLSKI - II LIGA 2018"]
[Site "Jastrzebia Gora"]
[Date "1899-12-30"]
[Round "1.31"]
[White "Jedynak, Radoslaw"]
[Black "Goluch, Piotr"]
[Result "1/2-1/2"]
[WhiteTitle "GM"]
[BlackTitle "FM"]
[WhiteElo "2353"]
[BlackElo "2299"]

1. d4 Nf6 2. c4 d6 3. Nf3 Nbd7 4. Nc3 e5 5. e4 c6 6. Be2 Be7 7. O-O O-O 8. Re1
a6 9. Bf1 b5 10. a3 Bb7 11. b4 Re8 12. Bb2 Qb8 13. Qb3 h6 14. a4 exd4 15. Nxd4
bxa4 16. Nxa4 c5 17. Nf5 Bf8 18. bxc5 Nxe4 19. cxd6 Bc6 20. Qc2 Nxd6 21. Rxe8
Qxe8 22. Nxd6 Bxd6 23. c5 Bxa4 24. Rxa4 Nxc5 25. Ra5 Rc8 26. Qc3 Bf8 27. Qe3 Qxe3
28. fxe3 Rb8 29. Bd4 Nb3 30. Rxa6 Nxd4 31. exd4 Rb4 32. Ra2 Rxd4 33. g3 Rd7 34.
Kg2 g6 35. Be2 Kg7 36. Bf3 h5 37. Rb2 Rd3 38. Be2 Rc3 39. Bf3 Bd6 40. Be4 f5 41.
Rc2 Ra3 42. Bd5 Rd3 43. Bc4 Rd4 44. Be2 h4 45. gxh4 Rxh4 46. h3 Rd4 47. Bf3 Kf6
48. Be2 Ke5 49. Kf3 Rf4+ 50. Kg2 Ra4 51. Bf3 Ra5 52. Bc6 Bc5 53. Bf3 Bd4 54. Re2+
Kf4 55. Rd2 Be3 56. Rb2 Bd4 57. Rd2 Ra4 58. Bc6 Rb4 59. Be8 g5 60. Bc6 Be3 61.
Ra2 Rc4 62. Ra4 Rxa4 63. Bxa4 1/2-1/2

[Event "DRUZYNOWE MISTRZOSTWA POLSKI - II LIGA 2018"]
[Site "Jastrzebia Gora"]
[Date "1899-12-30"]
[Round "1.32"]
[White "Lukasiewicz, Krzysztof"]
[Black "Mickiewicz, Piotr"]
[Result "1-0"]
[WhiteTitle "k"]
[BlackTitle "m"]
[WhiteElo "2242"]
[BlackElo "2265"]

1. d4 f5 2. Bg5 g6 3. e3 Bg7 4. h4 c5 5. c3 Qb6 6. Na3 d5 7. Qb3 c4 8. Qc2 Nc6
9. Nf3 Nf6 10. Nb1 Ne4 11. Bf4 Bd7 12. Be2 h6 13. Nbd2 Rc8 14. Bh2 Bf6 15. Nxe4
fxe4 16. Nd2 e5 17. O-O-O exd4 18. exd4 O-O 19. f3 Bxd4 20. fxe4 Nb4 21. cxb4
c3 22. Nc4 cxb2+ 23. Kb1 dxc4 24. Bxc4+ Be6 25. Rxd4 Rxc4 26. Rxc4 Qa6 27. b5
Qxb5 28. Rc7 Bxa2+ 29. Kxa2 Qa5+ 30. Kxb2 1-0

[Event "DRUZYNOWE MISTRZOSTWA POLSKI - II LIGA 2018"]
[Site "Jastrzebia Gora"]
[Date "1899-12-30"]
[Round "1.33"]
[White "Pazderski, Ziemowit"]
[Black "Lukasiewicz, Grzegorz"]
[Result "1/2-1/2"]
[WhiteTitle "k+"]
[BlackTitle "IM"]
[WhiteElo "2239"]
[BlackElo "2171"]

1. d4 d5 2. Nf3 c6 3. c4 Nf6 4. Nc3 e6 5. g3 Nbd7 6. Bg2 Be7 7. O-O O-O 8. b3 b6
9. Bb2 Bb7 10. cxd5 cxd5 11. Qd3 Ne4 12. Rfc1 f5 13. e3 a6 14. Ne2 Bd6 15. Ne5
Qe7 16. Nc6 Qe8 17. Rc2 Ndf6 18. Rac1 Qh5 19. Nf4 Qh6 20. h3 Rae8 21. Ne5 g5 22.
Ne2 g4 23. h4 Qg7 24. Nf4 Qe7 25. a3 Rc8 26. Bf1 Rxc2 27. Rxc2 Nd7 28. Qd1 Nxe5
29. dxe5 Bb8 30. Qc1 Nc5 31. b4 Nd7 32. Qa1 Kf7 33. Bd4 Rc8 34. Rxc8 Bxc8 35.
Qc3 Bb7 36. Bd3 Kg8 37. a4 Qe8 38. a5 b5 39. Kh2 Nf8 40. Bc5 Qc6 41. Bd4 Qxc3
1/2-1/2

[Event "DRUZYNOWE MISTRZOSTWA POLSKI - II LIGA 2018"]
[Site "Jastrzebia Gora"]
[Date "1899-12-30"]
[Round "1.34"]
[White "Jankowiak, Tomasz"]
[Black "Maciaga, Marcin"]
[Result "1/2-1/2"]
[WhiteTitle "k"]
[BlackTitle "k+"]
[WhiteElo "2107"]
[BlackElo "2117"]

1. e4 c5 2. Nf3 g6 3. d4 cxd4 4. Nxd4 Nf6 5. Nc3 Nc6 6. Nxc6 dxc6 7. Qxd8+ Kxd8
8. Bc4 Bg7 9. a4 Be6 10. Bxe6 fxe6 11. f3 Nd7 12. Bd2 Kc7 13. O-O-O e5 14. Be3
Nf8 15. Rd2 Ne6 16. Rhd1 Rhd8 17. Rxd8 Nxd8 18. Na2 Ne6 19. Nb4 a5 20. Nd3 b6
21. c3 Rf8 22. b3 Nf4 23. Rd2 Nxd3+ 24. Rxd3 h5 25. b4 Ra8 26. bxa5 Rxa5 27. Rd8
Bh6 28. Rd3 Bxe3+ 29. Rxe3 Rxa4 30. Kb2 Ra8 31. Re1 g5 32. h3 Rg8 33. Kc2 g4 34.
hxg4 hxg4 35. Kd3 gxf3 36. gxf3 Kd6 37. Rh1 b5 38. Rh6+ e6 39. Rh7 Rg1 40. Ra7
Rd1+ 41. Ke2 Rh1 42. Kd3 Kc5 43. Re7 Rh6 44. Re8 Rf6 45. Ke3 Kc4 46. Rc8 c5 47.
Rc7 Rf8 48. Rc6 Rd8 49. Ke2 Rb8 50. Kd2 Rf8 51. Ke3 Rf6 52. Rc7 Rg6 53. Rc6 Rh6
54. Rb6 Rh5 55. Rc6 Rh6 56. Rb6 b4 57. cxb4 cxb4 58. Rc6+ Kb5 59. Rc8 b3 60. Kd3
Rh3 61. Rb8+ Kc5 62. Ke3 Kc4 63. Rc8+ Kb4 64. Rb8+ Kc3 65. Rc8+ Kb2 66. Rc5 Rh5
67. Rc6 Rh6 68. Rc5 Ka3 69. Rxe5 Kb4 70. Kd3 Rf6 71. f4 Rxf4 72. Rxe6 Rf1 73.
Rb6+ Ka3 74. Kc4 Rc1+ 75. Kd5 Re1 76. Kc4 Rc1+ 77. Kd5 b2 78. e5 Rh1 79. e6 Rd1+
80. Kc6 b1=Q 1/2-1/2

[Event "DRUZYNOWE MISTRZOSTWA POLSKI - II LIGA 2018"]
[Site "Jastrzebia Gora"]
[Date "1899-12-30"]
[Round "1.35"]
[White "Choroszej, Aleksander"]
[Black "Lukasiewicz, Anna"]
[Result "0-1"]
[WhiteTitle "k"]
[BlackTitle "m"]
[WhiteElo "2054"]
[BlackElo "2094"]

1. d4 Nf6 2. c4 g6 3. Nc3 Bg7 4. e4 d6 5. f4 c5 6. d5 O-O 7. Nf3 e6 8. Be2 exd5
9. cxd5 Nbd7 10. O-O Re8 11. Nd2 c4 12. Bxc4 Nc5 13. e5 dxe5 14. fxe5 Rxe5 15.
Nf3 Re8 16. Kh1 Bg4 17. Bg5 Qb6 18. Qc1 Nfe4 19. Be3 Qb4 20. Nxe4 Rxe4 21. Bxc5
Qxc5 22. Bb3 Qd6 23. Qd2 Rd8 24. Ng5 Re7 25. Rae1 Rxe1 26. Qxe1 Rf8 27. Qh4 h5
28. Ne4 Qa6 29. Nf6+ Kh8 30. Qf2 Be2 31. Re1 Bxf6 32. Qxe2 Qd6 33. Qb5 b6 34.
Re8 Rxe8 35. Qxe8+ Kg7 36. Qe2 a5 0-1

[Event "DRUZYNOWE MISTRZOSTWA POLSKI - II LIGA 2018"]
[Site "Jastrzebia Gora"]
[Date "1899-12-30"]
[Round "1.36"]
[White "Czarniecka, Aleksandra"]
[Black "Andrejczuk, Beata"]
[Result "1-0"]
[WhiteTitle "k"]
[BlackTitle "WFM"]
[WhiteElo "1822"]
[BlackElo "2057"]

1. e4 d5 2. exd5 Qxd5 3. Nc3 Qa5 4. d4 c6 5. Bc4 Nf6 6. Bd2 Qc7 7. Qe2 Bf5 8. Nf3
e6 9. Ne5 Nbd7 10. O-O-O Nxe5 11. dxe5 Nd7 12. g4 Bg6 13. f4 O-O-O 14. Rhf1 Nb6
15. Bb3 h6 16. f5 exf5 17. gxf5 Bh7 18. Bf4 Bb4 19. e6 Rxd1+ 20. Nxd1 Bd6 21.
Bxd6 Qxd6 22. exf7 Rd8 23. Qe6+ Kc7 24. Qxd6+ Kxd6 25. Re1 Nd7 26. Re8 Kc7 27.
Ne3 Nf8 28. h4 h5 29. c3 b5 30. Be6 g6 31. Ng2 gxf5 32. Nf4 a5 33. b3 b4 34. c4
Rb8 35. Kd2 Rd8+ 36. Ke3 Rb8 37. Kd4 Rd8+ 38. Ke5 Bg6 39. Rxf8 Rxf8 40. Nxg6 1-0

[Event "DRUZYNOWE MISTRZOSTWA POLSKI - II LIGA 2018"]
[Site "Jastrzebia Gora"]
[Date "1899-12-30"]
[Round "1.37"]
[White "Karpus, Michal"]
[Black "Walter, Szymon"]
[Result "1/2-1/2"]
[WhiteTitle "FM"]
[BlackTitle "k+"]
[WhiteElo "2382"]
[BlackElo "2307"]

1. e4 c5 2. Nf3 d6 3. d4 cxd4 4. Nxd4 Nf6 5. Nc3 a6 6. Be3 e5 7. Nb3 Be6 8. f3
h5 9. Nd5 Bxd5 10. exd5 Nbd7 11. Qd2 g6 12. O-O-O Nb6 13. Qa5 Bh6 14. Bxh6 Rxh6
15. Qd2 Rh8 16. f4 exf4 17. Qxf4 Kf8 18. Bd3 Kg7 19. Rhf1 Re8 20. Nd4 Nbxd5 21.
Nf5+ gxf5 22. Qg5+ Kf8 23. Qh6+ Ke7 24. Bxf5 Qa5 25. Rfe1+ Kd8 26. Rxe8+ Nxe8
27. Qf8 Qxa2 28. Re1 Kc7 29. Rxe8 Rxe8 30. Qxe8 Qa1+ 31. Kd2 Qa5+ 32. c3 Qc5 33.
Qxf7+ Kb6 34. Bd3 Qe3+ 35. Kc2 Nf4 36. Qh7 Nxg2 37. Be4 Qe2+ 38. Kb1 Qd1+ 1/2-1/2

[Event "DRUZYNOWE MISTRZOSTWA POLSKI - II LIGA 2018"]
[Site "Jastrzebia Gora"]
[Date "1899-12-30"]
[Round "1.38"]
[White "Szostko, Jakub"]
[Black "Krainski, Aleksander"]
[Result "1/2-1/2"]
[WhiteTitle "FM"]
[BlackTitle "FM"]
[WhiteElo "2299"]
[BlackElo "2185"]

1. e4 c6 2. d4 d5 3. e5 Bf5 4. Nf3 e6 5. Be2 Ne7 6. O-O c5 7. dxc5 Nec6 8. Be3
Nd7 9. Bb5 Bg4 10. h3 Bxf3 11. Qxf3 Bxc5 12. Qg3 Bxe3 13. Qxe3 O-O 14. f4 Qb6
15. Qxb6 Nxb6 16. Nd2 Rac8 17. Nf3 a6 18. Be2 Na4 19. Rab1 b5 20. c3 Nc5 21. Rfd1
f6 22. exf6 Rxf6 23. g3 h6 24. Kg2 Ne4 25. Bd3 Nc5 26. Be2 Ne4 27. Bd3 Nc5 1/2-1/2

[Event "DRUZYNOWE MISTRZOSTWA POLSKI - II LIGA 2018"]
[Site "Jastrzebia Gora"]
[Date "1899-12-30"]
[Round "1.39"]
[White "Pacuszka, Tomasz"]
[Black "Dzierzak, Radoslaw"]
[Result "0-1"]
[WhiteTitle "FM"]
[BlackTitle "I++"]
[WhiteElo "2220"]
[BlackElo "2282"]

1. Nf3 Nf6 2. g3 d5 3. Bg2 e6 4. O-O Be7 5. d3 c5 6. c3 Nc6 7. Nbd2 O-O 8. Qc2
e5 9. a3 Qc7 10. e4 dxe4 11. dxe4 Be6 12. Ng5 Bd7 13. Nc4 h6 14. Nf3 Be6 15. Ne3
Rfd8 16. Re1 c4 17. Nh4 Na5 18. Qe2 Nb3 19. Rb1 b5 20. Nhf5 Bf8 21. Qf3 Kh7 22.
h3 Nc5 23. Ng4 Nxg4 24. hxg4 Nd3 25. Re2 Nxc1 26. Rxc1 Rd3 27. Re3 Rad8 28. Bf1
Rd2 29. Re2 Bc5 30. g5 R8d3 31. Rxd2 Rxd2 32. Ne3 hxg5 33. Be2 Qd7 34. Nf5 Bxf5
35. exf5 Rxb2 36. Kg2 Rd2 37. Rh1+ Kg8 38. Qh5 Qd5+ 39. Kf1 Kf8 40. f6 gxf6 41.
Qh8+ Ke7 42. Rh6 Qc6 43. Qg7 Rxe2 0-1

[Event "DRUZYNOWE MISTRZOSTWA POLSKI - II LIGA 2018"]
[Site "Jastrzebia Gora"]
[Date "1899-12-30"]
[Round "1.40"]
[White "Zochowski, Kacper"]
[Black "Krainski, Slawomir"]
[Result "1-0"]
[WhiteTitle "k"]
[BlackTitle "k"]
[WhiteElo "2269"]
[BlackElo "2098"]

1. Nf3 d5 2. c4 e6 3. g3 Nf6 4. Bg2 dxc4 5. Qa4+ Nbd7 6. O-O a6 7. Qxc4 b5 8. Qb3
Bb7 9. d3 Be7 10. Nc3 O-O 11. a4 b4 12. Nb1 Bd5 13. Qc2 Nc5 14. Nbd2 b3 15. Qd1
Rb8 16. Nb1 Rb4 17. Nc3 Bc6 18. a5 Qa8 19. Bd2 Rbb8 20. Rc1 Rfd8 21. Be3 e5 22.
Nb1 Na4 23. Rxc6 Qxc6 24. Nxe5 Qc2 25. Nc6 Nxb2 26. Nxe7+ Kf8 27. Qxc2 bxc2 28.
Nc6 Nd1 29. Na3 Rb1 30. Nxd8 Nxe3 31. Rxb1 cxb1=Q+ 32. Nxb1 Nxg2 33. Kxg2 Ke7
34. Nc6+ Kd6 35. Nb4 c5 36. Nxa6 Kc6 37. Nc3 Nd7 38. Na4 c4 39. dxc4 Ne5 40. Nb4+
Kb7 41. c5 Nc4 42. a6+ Ka7 43. Nc3 1-0

[Event "DRUZYNOWE MISTRZOSTWA POLSKI - II LIGA 2018"]
[Site "Jastrzebia Gora"]
[Date "1899-12-30"]
[Round "1.41"]
[White "Szczesniak, Andrzej"]
[Black "Zaleski, Lukasz"]
[Result "1-0"]
[WhiteTitle "k"]
[BlackTitle "k"]
[WhiteElo "1934"]
[BlackElo "2134"]

1. d4 e6 2. c4 Nf6 3. Nc3 Bb4 4. f3 O-O 5. a3 Bxc3+ 6. bxc3 b6 7. e4 d6 8. Bd3
Nc6 9. Ne2 e5 10. d5 Na5 11. Ng3 Ba6 12. Qe2 Nd7 13. Be3 Nc5 14. Bxc5 bxc5 15.
O-O Rb8 16. f4 exf4 17. Rxf4 Qe7 18. Raf1 Rb3 19. Nf5 Qe5 20. Qg4 Kh8 21. Qh3
Rxc3 22. Rh4 h6 23. Rxh6+ gxh6 24. Qxh6+ Kg8 25. Qg5+ Kh8 26. Rf4 Rc1+ 27. Kf2
Qb2+ 28. Kg3 Qe5 29. Kh3 Qxf5+ 30. Rxf5 Bc8 31. Qxc1 Kg7 32. Qg5+ 1-0

[Event "DRUZYNOWE MISTRZOSTWA POLSKI - II LIGA 2018"]
[Site "Jastrzebia Gora"]
[Date "1899-12-30"]
[Round "1.42"]
[White "Binkowska, Agata"]
[Black "Pacuszka, Wioletta"]
[Result "1-0"]
[WhiteTitle "I++"]
[BlackTitle "I++"]
[WhiteElo "1890"]
[BlackElo "1902"]

1. e4 c5 2. c4 e5 3. Nc3 Nf6 4. g3 Nc6 5. Bg2 d6 6. d3 Be7 7. Nge2 a6 8. O-O O-O
9. h3 h6 10. f4 Rb8 11. Nd5 b5 12. b3 Nd4 13. Nxd4 cxd4 14. Bd2 bxc4 15. Nxf6+
Bxf6 16. dxc4 Re8 17. f5 Bg5 18. h4 Bxd2 19. Qxd2 f6 20. Bf3 Bd7 21. Kf2 Bc6 22.
Rg1 Qb6 23. Kf1 Qb4 24. Qd3 a5 25. Bd1 Qb7 26. Bc2 Qb4 27. g4 Qb7 28. a3 Qe7 29.
Ke2 Red8 30. Kd2 Rb7 31. Qf3 Rf8 32. Rg2 Qf7 33. a4 Rfb8 34. g5 hxg5 35. hxg5
fxg5 36. Rxg5 Qf6 37. Rg6 Qf7 38. Rh1 Kf8 39. Qg4 Ke8 40. Rh8+ 1-0

[Event "DRUZYNOWE MISTRZOSTWA POLSKI - II LIGA 2018"]
[Site "Jastrzebia Gora"]
[Date "1899-12-30"]
[Round "1.43"]
[White "Barglowski, Filip"]
[Black "Zielinski, Przemyslaw"]
[Result "1/2-1/2"]
[WhiteTitle "FM"]
[BlackTitle "m"]
[WhiteElo "2311"]
[BlackElo "2299"]

1. e4 e5 2. Nf3 Nf6 3. Nxe5 d6 4. Nf3 Nxe4 5. Qe2 Qe7 6. d3 Nf6 7. Bg5 Qxe2+ 8.
Bxe2 Be7 9. Nc3 h6 10. Bh4 g5 11. Bg3 Nh5 12. Nd5 Bd8 13. Nd4 Nxg3 14. hxg3 Be6
15. Bf3 c6 16. Ne3 Bf6 17. Ndf5 Bxb2 18. Rb1 Bc3+ 19. Ke2 b6 20. Nxd6+ Kd7 21.
Ne4 Bg7 22. Bg4 Bxg4+ 23. Nxg4 Ke6 24. Ne3 f5 25. Nd2 h5 26. f3 Nd7 27. g4 hxg4
28. fxg4 fxg4 29. Nxg4 Nf6 30. Nxf6 Kxf6 31. Ne4+ Kg6 1/2-1/2

[Event "DRUZYNOWE MISTRZOSTWA POLSKI - II LIGA 2018"]
[Site "Jastrzebia Gora"]
[Date "1899-12-30"]
[Round "1.44"]
[White "Bednarczyk, Damian"]
[Black "Chylewski, Patryk"]
[Result "1/2-1/2"]
[WhiteTitle "k"]
[BlackTitle "FM"]
[WhiteElo "2215"]
[BlackElo "2275"]

1. d4 Nf6 2. c4 e6 3. g3 d5 4. Bg2 Bb4+ 5. Bd2 Bd6 6. Nf3 c6 7. O-O Nbd7 8. Bf4
Bxf4 9. gxf4 b6 10. Ne5 Bb7 11. Nc3 O-O 12. cxd5 Nxd5 13. Nxd5 cxd5 14. Qd3 f6
15. Ng4 f5 16. Ne5 Nxe5 17. fxe5 Qd7 18. Rfc1 Rac8 19. e3 Rc7 20. Qa3 Rfc8 21.
Rxc7 Qxc7 22. Bf1 Kf7 23. Qxa7 g5 24. Qa3 Ra8 25. Qd6 Qxd6 26. exd6 Ke8 27. Rc1
Ba6 28. Rc6 Bxf1 29. Kxf1 Rxa2 30. Rxb6 Kd7 31. Kg2 h6 32. h4 Ra1 33. h5 Rb1 34.
Kh2 Rf1 35. Kg2 Rb1 36. Kh2 Rf1 37. Kg2 1/2-1/2

[Event "DRUZYNOWE MISTRZOSTWA POLSKI - II LIGA 2018"]
[Site "Jastrzebia Gora"]
[Date "1899-12-30"]
[Round "1.45"]
[White "Kokoszczynski, Jan"]
[Black "Lapczynski, Artur"]
[Result "1/2-1/2"]
[WhiteTitle "k"]
[BlackTitle "I"]
[WhiteElo "2246"]
[BlackElo "2050"]

1. e4 c5 2. Nf3 Nc6 3. d4 cxd4 4. Nxd4 e5 5. Nb5 d6 6. c4 a6 7. N5c3 f5 8. exf5
Bxf5 9. Bd3 Bxd3 10. Qxd3 Nf6 11. O-O Be7 12. Na3 O-O 13. Nc2 Rc8 14. b3 Nh5 15.
g3 Qd7 16. Nd5 Rcd8 17. Ba3 Qh3 18. Rad1 Bg5 19. Qe4 Nf6 20. Qg2 Qe6 21. Rfe1
Ng4 22. f3 Nh6 23. f4 Bf6 24. Nd4 Nxd4 25. Rxd4 Qg4 26. Nxf6+ Rxf6 27. Qd5+ Qe6
28. fxe5 Nf7 29. Qxe6 Rxe6 30. Red1 Rxe5 31. Bxd6 Re2 32. a4 Ng5 33. Be7 1/2-1/2

[Event "DRUZYNOWE MISTRZOSTWA POLSKI - II LIGA 2018"]
[Site "Jastrzebia Gora"]
[Date "1899-12-30"]
[Round "1.46"]
[White "Mirski, Michal"]
[Black "Sanz Wawer, Daniel"]
[Result "1-0"]
[WhiteTitle "I"]
[BlackTitle "k"]
[WhiteElo "1988"]
[BlackElo "2166"]

1. e4 c6 2. d4 d5 3. exd5 cxd5 4. Bd3 Nc6 5. c3 Nf6 6. Ne2 g6 7. O-O Bg7 8. Bf4
O-O 9. Nd2 Nh5 10. Be3 f5 11. f3 f4 12. Bf2 e5 13. dxe5 Nxe5 14. Bc2 Qg5 15. Kh1
Be6 16. Nb3 Rfe8 17. Nc5 Bf7 18. Bb3 b6 19. Na6 Rad8 20. Nc7 Re7 21. Nb5 a6 22.
Nbd4 Rde8 23. Qd2 Nc4 24. Bxc4 dxc4 25. Rfe1 Bd5 26. Rad1 Bb7 27. Ng1 Be5 28.
Nc2 b5 29. Bc5 Qh4 30. Bf2 Ng3+ 31. Bxg3 fxg3 32. h3 Qf6 33. Ne3 Bc7 34. Ng4 Qg7
35. Rxe7 Qxe7 36. Qd7 Kg7 37. Ne2 Bc8 38. Qd4+ Be5 39. Nxe5 Qxe5 40. Nxg3 Qxd4
41. Rxd4 Re1+ 42. Kh2 Rb1 43. Rd2 Kf6 44. Ne4+ Ke7 45. Kg3 Bf5 46. Nc5 a5 47.
a3 g5 48. h4 h6 49. hxg5 hxg5 50. Nb7 a4 51. Nd6 Bd7 52. Ne4 g4 53. fxg4 Re1 54.
Ng5 Bc6 55. Kf4 Bb7 56. Nf3 Re4+ 57. Kf5 Re3 58. Nd4 Rd3 59. Re2+ Kf7 60. g5 Bc8+
61. Kf4 Bd7 62. Nf3 1-0

[Event "DRUZYNOWE MISTRZOSTWA POLSKI - II LIGA 2018"]
[Site "Jastrzebia Gora"]
[Date "1899-12-30"]
[Round "1.47"]
[White "Praczukowski, Stanislaw"]
[Black "Wnek, Filip"]
[Result "1-0"]
[WhiteTitle "k"]
[BlackTitle "I"]
[WhiteElo "2131"]
[BlackElo "1806"]

1. d4 f5 2. g3 Nf6 3. Bg2 d6 4. Nf3 g6 5. c4 Bg7 6. b4 O-O 7. Bb2 Qe8 8. O-O Nbd7
9. Qb3 Kh8 10. Nc3 c6 11. e4 f4 12. Ng5 e5 13. d5 Nb8 14. c5 h6 15. Nf3 cxd5 16.
Nxd5 Be6 17. cxd6 Nxe4 18. Bxe5 Nc6 19. Bxg7+ Kxg7 20. Qb2+ Kh7 21. Nc7 Qd7 22.
Nxa8 Rxa8 23. b5 Na5 24. Ne5 Qg7 25. Bxe4 Bf7 26. Rac1 Re8 27. Rc7 Rxe5 28. Rxf7
Qxf7 29. Qxe5 Nc4 30. Qe7 Qxe7 31. dxe7 Nd6 32. Rd1 Ne8 33. Rd8 1-0

[Event "DRUZYNOWE MISTRZOSTWA POLSKI - II LIGA 2018"]
[Site "Jastrzebia Gora"]
[Date "1899-12-30"]
[Round "1.48"]
[White "Siwek, Kinga"]
[Black "Marcinczyk, Monika"]
[Result "0-1"]
[WhiteTitle "I+"]
[BlackTitle "WCM"]
[WhiteElo "1855"]
[BlackElo "1865"]

1. e4 c5 2. Nc3 Nc6 3. g3 g6 4. Bg2 Bg7 5. Nge2 e6 6. d3 Nge7 7. Be3 Nd4 8. Qd2
O-O 9. Bg5 d6 10. O-O Rb8 11. Nxd4 Bxd4 12. Rae1 b5 13. Nd1 Qc7 14. c3 Bh8 15.
Ne3 f6 16. Bh6 Rd8 17. f4 Bg7 18. Bxg7 Kxg7 19. Qf2 Bb7 20. f5 exf5 21. exf5 g5
22. Bxb7 Qxb7 23. Ng4 Nd5 24. c4 h5 25. Ne3 Nb4 26. Qe2 Qf7 27. b3 Re8 28. a3
Nc6 29. Qg2 Nd4 30. cxb5 Qxb3 31. Nc4 Qxd3 32. Rxe8 Rxe8 33. Qb7+ Kf8 34. Qh7
Qxc4 35. Qh8+ Ke7 36. Re1+ Ne2+ 37. Rxe2+ Qxe2 38. Qg7+ Kd8 39. Qxf6+ Qe7 0-1

[Event "DRUZYNOWE MISTRZOSTWA POLSKI - II LIGA 2018"]
[Site "Jastrzebia Gora"]
[Date "1899-12-30"]
[Round "1.49"]
[White "Zakrzewski, Marek"]
[Black "Rudolf, Michal"]
[Result "0-1"]
[WhiteTitle "FM"]
[BlackTitle "FM"]
[WhiteElo "2352"]
[BlackElo "2352"]

1. e4 c6 2. d4 d5 3. Nd2 dxe4 4. Nxe4 Bf5 5. Ng3 Bg6 6. h4 h6 7. Nf3 Nd7 8. h5
Bh7 9. Bd3 Bxd3 10. Qxd3 e6 11. Bd2 Qc7 12. O-O-O Ngf6 13. Ne4 O-O-O 14. g3 Nxe4
15. Qxe4 Bd6 16. c4 c5 17. Bc3 Nf6 18. Qe2 cxd4 19. Nxd4 a6 20. Nb3 Qc6 21. Rh4
Bc7 22. Re1 Rd7 23. c5 Qd5 24. c6 Qxc6 25. Rc4 Qb5 26. Nc5 Rd5 27. Bxf6 Rxc5 28.
Rxc5 Qxc5+ 29. Bc3 Ba5 30. Kb1 Bxc3 31. Rc1 Qf5+ 32. Ka1 Kb8 33. Rxc3 Rd8 34.
a3 Rd4 35. Rc1 Qe4 36. Qxe4 Rxe4 37. Rc3 Re5 38. g4 b6 39. Ka2 Kb7 40. f3 Rc5
41. Rd3 Kc7 42. b4 Rd5 43. Re3 Kd6 44. Kb3 Rd4 45. Kc2 Kd5 46. Kc3 a5 47. bxa5
bxa5 48. Kc2 a4 49. Kc3 e5 50. Kc2 e4 51. fxe4+ Rxe4 52. Rg3 f6 53. Kd3 Rd4+ 54.
Kc3 Ke5 55. Re3+ Re4 56. Rxe4+ Kxe4 57. Kb4 Kf4 58. Kxa4 Kxg4 59. Kb4 f5 60. a4
f4 61. a5 f3 62. a6 f2 63. a7 f1=Q 64. a8=Q Qf4+ 65. Kc5 Qe5+ 66. Kc4 Kxh5 67.
Qh1+ Kg6 68. Qb1+ Qf5 69. Qb6+ Kh7 70. Qb7 h5 71. Qe7 Qg4+ 72. Kd3 h4 73. Ke3
h3 74. Qe5 Kh6 75. Qh2 Kh5 76. Qb8 Qf5 77. Qh8+ Kg6 78. Kd2 Qe6 79. Kd3 Qe5 80.
Qh4 h2 81. Kc4 Qc7+ 82. Kd4 Qd6+ 83. Ke3 Qe5+ 84. Kd3 Qd5+ 85. Ke2 Qg2+ 0-1

[Event "DRUZYNOWE MISTRZOSTWA POLSKI - II LIGA 2018"]
[Site "Jastrzebia Gora"]
[Date "1899-12-30"]
[Round "1.50"]
[White "Markowski, Damian"]
[Black "Hemmerling, Jaroslaw"]
[Result "1/2-1/2"]
[WhiteTitle "FM"]
[BlackTitle "I++"]
[WhiteElo "2274"]
[BlackElo "1910"]

1. e4 e5 2. Nf3 Nf6 3. Nc3 Nc6 4. d4 exd4 5. Nxd4 Bb4 6. Nxc6 bxc6 7. Bd3 O-O 8.
O-O Re8 9. Bg5 h6 10. Bh4 Be7 11. Bg3 d6 12. h3 a5 13. Re1 Ba6 14. e5 dxe5 15.
Bxa6 Rxa6 16. Qxd8 Bxd8 17. Rxe5 Rxe5 18. Bxe5 Nd7 19. Rd1 Bf6 20. Bxf6 Nxf6 21.
Rd8+ Kh7 22. Rc8 Ra7 23. g4 a4 24. Kf1 Nd5 25. Nxd5 cxd5 26. Ke2 Rb7 27. b3 axb3
28. axb3 Kg6 29. f4 Kf6 30. Ke3 Ke6 31. h4 h5 32. Re8+ Kf6 33. gxh5 Rb6 34. Re5
c6 35. Re8 Rb4 36. Re5 Rb8 37. Kd3 Rb4 38. Ke3 Rb8 39. Kf3 Ra8 40. Re3 Rd8 41.
Rc3 Rd6 42. Kg4 Re6 43. Rc5 Ke7 44. Kg5 Kd6 45. b4 Re4 46. c3 Re1 47. Ra5 Ke5
1/2-1/2

[Event "DRUZYNOWE MISTRZOSTWA POLSKI - II LIGA 2018"]
[Site "Jastrzebia Gora"]
[Date "1899-12-30"]
[Round "1.51"]
[White "Bajerlein, Dawid"]
[Black "Warszawski, Bartosz"]
[Result "1/2-1/2"]
[WhiteTitle "k"]
[BlackTitle "m"]
[WhiteElo "2026"]
[BlackElo "2165"]

1. d4 d5 2. c4 e6 3. Nc3 c5 4. cxd5 exd5 5. Nf3 Nc6 6. g3 Nf6 7. Bg2 Be7 8. O-O
O-O 9. Bg5 cxd4 10. Nxd4 h6 11. Be3 Re8 12. Rc1 Bg4 13. Qa4 Qd7 14. Rfd1 Bh3 15.
Bh1 a6 16. Nxc6 bxc6 17. Bd4 Qe6 18. Bxf6 Bxf6 19. e3 Bg4 20. Re1 a5 21. Qc2 Rac8
22. Na4 Qe5 23. b3 Be7 24. Nc5 Bd6 25. Qc3 Qxc3 26. Rxc3 d4 27. Rc4 Bxc5 28. Rxc5
d3 29. f3 Be6 30. Rd1 Red8 31. Rd2 a4 32. Rc3 axb3 33. axb3 Rb8 34. Rdxd3 1/2-1/2

[Event "DRUZYNOWE MISTRZOSTWA POLSKI - II LIGA 2018"]
[Site "Jastrzebia Gora"]
[Date "1899-12-30"]
[Round "1.52"]
[White "Kaim, Piotr"]
[Black "Bernat, Marcin"]
[Result "1-0"]
[WhiteTitle "m"]
[BlackTitle "k"]
[WhiteElo "2172"]
[BlackElo "2080"]

1. d4 Nf6 2. c4 e6 3. Nc3 Bb4 4. Nf3 b6 5. Bg5 h6 6. Bh4 g5 7. Bg3 Ne4 8. Qc2 Bb7
9. Nd2 Bxc3 10. bxc3 f5 11. f3 Nxg3 12. hxg3 Qf6 13. e4 fxe4 14. Nxe4 Bxe4 15.
Qxe4 Nc6 16. Bd3 O-O-O 17. c5 d5 18. cxd6 Rxd6 19. O-O e5 20. d5 Nb8 21. Rfe1
Rhd8 22. Qxe5 Qxe5 23. Rxe5 c6 24. Bf5+ Kc7 25. c4 Nd7 26. Bxd7 R8xd7 27. Rd1
b5 28. cxb5 cxb5 29. f4 g4 30. Kf2 Ra6 31. Rd2 b4 32. f5 Ra3 33. f6 Ra6 34. Rc2+
Kd8 35. Re6 Ra5 36. d6 Rf7 37. Ke3 Rf8 38. Ke4 Kd7 39. Re5 Ra4 40. Kf5 Kxd6 41.
Rd2+ Kc7 42. Re7+ Kc8 43. f7 1-0